000 00390nam a2200133Ia 4500
008 231221s9999 xx 000 0 und d
020 _a978-1-4419-6469-4
041 _aEnglish
100 _aSimon C. Lin, Eric Yen
245 0 _aManaged Grids and Cloud Systems in the Asia-Pacific Research Community
260 _c2010
_bSpringer US
_aNew York
650 _aComputer Science
942 _cEB
999 _c218543
_d218543